00875nam a2200253 a 4500001001300000003000900013005001700022008004100039020001000080082001300090100001600103245007700119260003000196300000900226500003500235505001000270505010500280650002200385902000800407942000700415952009300422952009300515999001300608nice12345678IN_TiNIC20260116011324.0050524s1924 caia grp 000 0 ara  ac10000a170bARI aAristotle,  aMichomachean Ethics of Aristotle in Arabicb Ilmal-Akhlaq Ila Mikumkhus. aCairobDarul Matba`c1924 a326p aincludes index and biblioraphy2 aIndex2 aIndex00gV1.tMichomachean Ethics of Aristotle in Arabic.--gV2.tMichomachean Ethics of Aristotle i aEthics-Philosophy bRBA cBK 00104070aHMIbHMId0000-00-00g100.00l0o170 ARIp4403r0000-00-00w2026-01-16yARB 00104070aHMIbHMId0000-00-00g100.00l0o170 ARIp4404r0000-00-00w2026-01-16yARB c502d502